[Event "Sonderjysk EMT C"]
[Site "Sonderborg"]
[Date "2012.03.13"]
[Round "6"]
[White "Pedersen, Michael"]
[Black "Petersen, Arne"]
[Result "1-0"]
[WhiteElo "1259"]
[BlackElo "1206"]
[PlyCount "95"]
[EventDate "2012.01.17"]
[EventType "tourn"]
[EventRounds "7"]
[EventCountry "DEN"]
[SourceTitle "EXT 2023"]
[Source "ChessBase"]
[SourceDate "2022.10.05"]
[SourceVersion "1"]
[SourceVersionDate "2022.10.05"]
[SourceQuality "1"]

1. e4 e6 2. d4 d5 3. e5 c5 4. c3 cxd4 5. cxd4 Nc6 6. a3 a6 7. Nf3 Nge7 8. Bg5 Qb6 9. b4 Nf5 10. Be3 Be7 11. Nc3 0-0 12. Na4 Qc7 13. Be2 b5 14. Nc5 Bxc5 15. bxc5 Bd7 16. 0-0 Na5 17. Bd2 Nc4 18. Bxc4 bxc4 19. Bb4 Rfe8 20. Rb1 a5 21. Bc3 Rab8 22. Qd2 a4 23. Rb4 Rxb4 24. Bxb4 Ne7 25. Qc2 Nc6 26. Bd2 Na5 27. Ng5 g6 28. Rb1 Nb3 29. Bc3 Bc6 30. Qe2 Qe7 31. Nf3 f6 32. exf6 Qxf6 33. Ne5 Bb5 34. Rd1 Qd8 35. Qg4 Bd7 36. c6 Bc8 37. Bb4 Qc7 38. h4 Qg7 39. Re1 h5 40. Qf4 Kh7 41. Re3 Ba6 42. Nf3 Nc1 43. Ng5+ Kg8 44. Nxe6 Qa7 45. Qe5 Nd3 46. Qxd5 Nxb4 47. axb4 Qb6 48. Ng5+ 1-0

[Event "Sonderjysk EMT C"]
[Site "Sonderborg"]
[Date "2012.01.31"]
[Round "2"]
[White "Petersen, Arne"]
[Black "Jensen, Scot Wolfgang"]
[Result "0-1"]
[WhiteElo "1206"]
[BlackElo "1436"]
[PlyCount "64"]
[EventDate "2012.01.17"]
[EventType "tourn"]
[EventRounds "7"]
[EventCountry "DEN"]
[SourceTitle "EXT 2023"]
[Source "ChessBase"]
[SourceDate "2022.10.05"]
[SourceVersion "1"]
[SourceVersionDate "2022.10.05"]
[SourceQuality "1"]

1. d4 d5 2. c4 Nc6 3. Nc3 dxc4 4. Nf3 Bg4 5. e3 e6 6. Bxc4 a6 7. 0-0 Nf6 8. Be2 Qd6 9. e4 Bxf3 10. Bxf3 Qxd4 11. Be3 Qxd1 12. Rfxd1 e5 13. Rd2 Bd6 14. Rad1 0-0-0 15. Be2 Bb4 16. Rxd8+ Rxd8 17. Rxd8+ Nxd8 18. Nd5 Nxd5 19. exd5 f5 20. f4 e4 21. Bd4 g6 22. g4 Nf7 23. a3 Bd2 24. Be5 Kd7 25. h4 Nh6 26. g5 Nf7 27. h5 Bc1 28. a4 Nxe5 29. fxe5 Bxb2 30. d6 Ke6 31. hxg6 hxg6 32. Kg2 Bc1 0-1